Представление документа в формате RUSMARC

ПолеНазваниеЗначение
  Тип записи a
  Библиографический уровень m
001 Контрольный номер RU\NLR\BIBL_A\011896491
005 Дата корректировки 20260407121621.6
010 Индекс ISBN __
a ISBN 978-5-00117-793-7
9 Тираж 7000
d Цена 557-26
021 № государственной регистрации __
a Код страны RU
b № документа 2018-89747
035 Другие системные номера __
a Идентификатор записи (RuMoRGB)009769255
100 Данные общей обработки __
a Данные общей обработки 20181219d2019 km y0rusy0189 ca
101 Язык документа 1_
a Язык текста rus
c Язык оригинала eng
102 Страна публикации __
a Страна публикации RU
105 Кодированные данные (монография) __
a Кодированные данные (монография) a|||z|||000zy
200 Заглавие и сведения об ответственности 1_
a Заглавие Гормоны счастья
e Сведения, относящиеся к заглавию как приучить мозг вырабатывать серотонин, дофамин, эндорфин и окситоцин
f Первые сведения об ответственности Лоретта Грациано Бройнинг
g Последующие сведения об ответственности перевод с английского Михаила Попова
d Параллельное заглавие Habits of a happy brain
205 Сведения об издании __
a Основные сведения об издании 4-е изд.
210 Выходные данные 1_
a Место издания Москва
c Издательство Манн, Иванов и Фербер
d Дата издания 2019
215 Физическое описание __
a Объем 309, [1] с.
c Иллюстрации/тип воспроизводства ил.
d Формат 21
300 Общие примечания __
a Общие примечания Загл. и авт. ориг.: Habits of a happy brain / Loretta Graziano Breuning
300 Общие примечания __
a Общие примечания В конце кн. авт.: Л. Г. Бройнинг - заслуж. проф. Калифорн. ун-та
330 Аннотация __
a Аннотация Революционный подход к повышению вашего уровня счастья. Книга покажет вам, как "перепрошить" свой мозг и активировать те гормоны, которые делают вас счастливым. Кроме того, вы узнаете, как формировать новые привычки и запускать действие "гормонов счастья", меняя нейронные пути. В этом вам помогут десятки упражнений из книги. Из этой книги вы узнаете: Что стоит за химическими процессами в мозге, делающими нас счастливыми или несчастными; Как работают "гормоны счастья" и в чем их роль; Как мозг формирует привычки - и почему от вредных так трудно отказаться; Как сформировать новые шаблоны поведения с помощью 45-дневного плана.
333 Примечание о целевом назначении __
a Примечание о целевом назначении 16+
454 Оригинал _1
1 2001
a Habits of a happy brain
1 700 1
a Breuning
b L.G.
g Loretta Graziano
606 Тематические рубрики 1_
a Основная рубрика Психология
2 Код системы nlr_sh
610 Ключевые слова 0_
a Ключевые слова счастье (психол.)
a Ключевые слова серотонин
a Ключевые слова дофамин
a Ключевые слова эндорфины
a Ключевые слова окситоцин
a Ключевые слова гормоны счастья
a Ключевые слова нейрохимические вещества
a Ключевые слова нейрохимические процессы
686 Индексы других классификаций __
a Индекс ББК 88.25
2 Код системы rubbk
700 Автор _1
a Фамилия Бройнинг
b Имя Л. Г.
g Полное личное имя Лоретта Грациано
801 Источник записи _0
a Страна RU
b Организация NLR
c Дата составления 20181219
g Правила каталогизации RCR
801 Источник записи _1
a Страна RU
b Организация NLR
c Дата составления 20181219
2 Код формата rusmarc
801 Источник записи _2
a Страна RU
b Организация NLR
c Дата составления 20190130
2 Код формата rusmarc
801 Источник записи _1
a Страна RU
b Организация Центральная районная библиотека им. Г. А. Пирожникова
852 Данные о местонахождении __
j Шифр хранения 88.25
i Авторский знак Б 882
901 Тип документа __
t Тип документа m
902 Роль лиц __
b Редактор БЗ ОКиО/Шумских
996 Издания ограниченного доступа __
a Обозначение документа (признак издания) Наркотические средства
b Текстовое указание [!НСПВ] Незаконное потребление наркотических средств, психотропных веществ, их аналогов причиняет вред здоровью, их незаконный оборот запрещен и влечет установленную законодательством ответственность